| 000 | 01144nam a2200301 i 4500 | ||
|---|---|---|---|
| 001 | 197604 | ||
| 003 | SpMaBN | ||
| 005 | 20250824063102.0 | ||
| 008 | 250610s2024 sp |||||| 000 | spa| | ||
| 017 |
_aB 17414-2024 _bOficina Depósito Legal Barcelona |
||
| 020 | _a9788410274341 | ||
| 035 | _a(OCoLC)1490346236 | ||
| 040 |
_aSpMaBN _bspa _cSpMaBN _erda |
||
| 100 | 1 |
_aBoado Labarrieta, María _9240959 _eaut |
|
| 245 | 1 | 0 |
_aCruce de damas / _cMaría Boado Olabarrieta. |
| 250 | _aPrimera edición: enero 2025 | ||
| 260 |
_aBarcelona : _bRoca editorial, _c2025. |
||
| 300 |
_a323 Páginas ; _c23 cm. |
||
| 336 |
_aTexto _2rdacontent |
||
| 337 |
_asin mediación _2rdamedia |
||
| 338 |
_avolumen _2rdacarrier |
||
| 655 | 0 |
_9234319 _aNovelas |
|
| 852 |
_aES-MaACL _cDEPOJ _jN-10527 _xEncuadernación rústica con solapas _9206650 _hDonación: Editorial |
||
| 942 |
_cMONOGRAFIA _n0 |
||
| 999 |
_c197604 _d197604 |
||